Medicinal Plants of India (Record no. 502756)

000 -LEADER
fixed length control field 00376cam a22001217a 4500
008 - FIXED-LENGTH DATA ELEMENTS--GENERAL INFORMATION
fixed length control field 180718b2012 xxu||||| |||| 00| 0 eng d
082 ## - DEWEY DECIMAL CLASSIFICATION NUMBER
Classification number Z211x54 Si64
100 ## - MAIN ENTRY--PERSONAL NAME
Personal name Singh, Sunita and Subhalaxmi
245 ## - TITLE STATEMENT
Title Medicinal Plants of India
Statement of responsibility, etc. by Sunita Singh and Subhalaxmi
260 ## - PUBLICATION, DISTRIBUTION, ETC.
Place of publication, distribution, etc. New Delhi
Name of publisher, distributor, etc. Gyan Publishing House
Date of publication, distribution, etc. 2012
300 ## - PHYSICAL DESCRIPTION
Extent 245p.
650 ## - SUBJECT ADDED ENTRY--TOPICAL TERM
Topical term or geographic name entry element Medicinal plants -- India
Holdings
Withdrawn status Lost status Damaged status Not for loan Permanent Location Current Location Date acquired Full call number Barcode Date last seen Price effective from Koha item type
        Indian Institute of Public Administration Indian Institute of Public Administration 2018-08-04 Z211x54 Si64 GR19084 2018-08-04 2018-08-04 GR

Powered by Koha